Curupayty (Record no. 171049)

MARC details
000 -LEADER
campo de control de longitud fija 00902nam a2200181 i 4500
001 - NÚMERO DE CONTROL
campo de control 171049
003 - IDENTIFICADOR DE NÚMERO DE CONTROL
campo de control ES-MaACL
005 - FECHA Y HORA DE LA ÚLTIMA TRANSACCIÓN
campo de control 20250907063129.0
008 - DATOS DE LONGITUD FIJA--INFORMACIÓN GENERAL
campo de control de longitud fija 090424s1892 ag |||| | spa d
100 1# - ENTRADA PRINCIPAL--NOMBRE DE PERSONA
Nombre de persona López de Gómara, Justo S.,
Fechas asociadas al nombre 1859-1923
9 (RLIN) 73542
245 10 - MENCIÓN DEL TÍTULO
Título Curupayty
Resto del título : episodios dramáticos-históricos de la guerra del Paraguay en cuatro jornadas y siete cuadros /
Mención de responsabilidad, etc. escritos en prosa y verso por Justo S. López Gomara ; música escogida y apropiada entre la original de la guerra.
260 ## - PUBLICACIÓN, DISTRIBUCIÓN, ETC.
Lugar de publicación, distribución, etc. Buenos Aires :
Nombre del editor, distribuidor, etc. [s.n.],
Fecha de publicación, distribución, etc. 1892 (
Fabricante Imp. de El Correo Español)
300 ## - DESCRIPCIÓN FÍSICA
Extensión 102 p. ;
Dimensiones 18 cm.
852 ## - LOCALIZACIÓN
Ubicación ES-MaACL
Número de control de estantería F-8579(2)
Nota libre .- Enc. pasta española
condición física .- Falto de la cub. original
Nota libre .- Enc. en vol. facticio formando parte de la col. faciticia "Teatro español moderno", vol. 32
852 ## - LOCALIZACIÓN
Ubicación ES-MaACL
Número de control de estantería 1659-F-12
852 ## - LOCALIZACIÓN
Ubicación ES-MaACL
Número de control de estantería T-593-F-4
Holdings
Estatus retirado Estado de pérdida Estado de daño No para préstamo Colección Biblioteca de origen Biblioteca actual Ubicación en estantería Fecha de adquisición Fuente de adquisición Total de préstamos Signatura topográfica completa Código de barras Visto por última vez Precio de reemplazo Tipo de ítem Koha
        Colección de folletos Biblioteca del Ateneo de Madrid Biblioteca del Ateneo de Madrid Depósito folletos 15/11/2011     1659-F-12 1188457 23/02/2023 23/02/2023 Folleto
        Colección de folletos Biblioteca del Ateneo de Madrid Biblioteca del Ateneo de Madrid Depósito folletos 13/05/2005     T-593-F-4 1201934 23/02/2023 23/02/2023 Folleto
        Libros del s. XIX Biblioteca del Ateneo de Madrid Biblioteca del Ateneo de Madrid Sala Pecera Planta 2 24/04/2009     F-8579(2) 1179513 23/02/2023 23/02/2023 Libro impreso antiguo